[Event "6th CHN w Masters 2017"]
[Site "masterchessopen.com Wuxi CHN"]
[Date "2017.06.03"]
[Round "8.3"]
[White "Zhou,Zirun"]
[Black "Tan Zhongyi"]
[Result "0-1"]
[WhiteElo "1984"]
[BlackElo "2515"]

1.e4 c5 2.Nf3 Nc6 3.d4 cxd4 4.Nxd4 Qb6 5.Nb3 Nf6 6.Bd3 e6 7.Be3 Qc7 8.O-O a6
9.N1d2 d6 10.c4 g6 11.a3 Bg7 12.Rc1 Nd7 13.Rc2 b6 14.f3 O-O 15.Qe1 Nc5 16.Be2
a5 17.Qf2 e5 18.Nc1 f5 19.Qe1 Bb7 20.Nd3 Rae8 21.b4 axb4 22.Nxb4 Nd4 23.Bxd4
exd4 24.Bd3 Bh6 25.Qd1 Qe7 26.Kh1 Qh4 27.g3 Qh3 28.exf5 Re3 29.Be4 Nxe4
30.fxe4 d3 {#R} 0-1

[Event "ch-POR Rapid 2017"]
[Site "masterchessopen.com Mirandela POR"]
[Date "2017.06.03"]
[Round "5.2"]
[White "Martins,Gu"]
[Black "Silva,Mariana Sofia T."]
[Result "1-0"]
[WhiteElo "1963"]
[BlackElo "1922"]

1.e4 c5 2.Nf3 Nc6 3.d4 cxd4 4.Nxd4 g6 5.c4 Bg7 6.Be3 Nf6 7.Nc3 O-O 8.Be2 d6
9.O-O Bd7 10.Qd2 Nxd4 11.Bxd4 Bc6 12.f3 a5 13.Nd5 Nd7 14.Rfc1 Nc5 15.Bd1 Bxd4+
16.Qxd4 e5 17.Qe3 Ne6 18.Nc3 Nd4 19.Ne2 Ne6 20.Rc2 a4 21.Rd2 Qc7 22.Nc3 Nd4
23.Rc1 Qb6 24.Kh1 Qc7 25.f4 f6 26.Rf2 Qa5 27.Bg4 a3 28.bxa3 Qxa3 29.Rcf1 f5
30.exf5 Nxf5 31.Bxf5 Rxf5 32.fxe5 Rxe5 33.Qh6 Rf5 34.Rxf5 gxf5 35.Qg5+ Kh8
36.Qf6+ Kg8 37.Rxf5 Qc1+ 38.Rf1 Qc2 39.Qg5+ Kh8 40.Nd5 Bxd5 41.cxd5 Qxa2 42.h3
Qc4 43.Qf6+ Kg8 44.Rf4 Qxd5 45.Rg4+ {#r} 1-0

[Event "10th Mayors Cup Open 2017"]
[Site "masterchessopen.com Mumbai IND"]
[Date "2017.06.05"]
[Round "3.7"]
[White "Vijay,A"]
[Black "Murshed,N"]
[Result "0-1"]
[WhiteElo "1977"]
[BlackElo "2423"]

1.e4 c5 2.Nf3 e6 3.g3 d5 4.exd5 exd5 5.d4 Nc6 6.Bg2 Bg4 7.O-O Nxd4 8.Qe1+ Be7
9.Nxd4 cxd4 10.Qe5 Nf6 11.Qxd4 O-O 12.Nc3 Be6 13.Rd1 Qc8 14.Be3 Rd8 15.Rd2 Rd7
16.Rad1 h6 17.Qa4 Qc6 18.h3 Qxa4 19.Nxa4 b6 20.Nc3 Rad8 21.Bd4 Ne4 22.Nxe4
dxe4 23.Bxe4 Bf6 24.c3 Bxd4 25.Rxd4 Rxd4 26.cxd4 Bxa2 27.Kg2 Bd5 28.f3 Bb3
29.Rd2 Kf8 30.Kf2 Ke7 31.Ke3 Rc8 32.h4 a5 33.Bb7 Rc7 34.Ba6 Kd6 35.Bd3 a4
36.Kf4 Rb7 37.Bb5 Ra7 38.Bd3 Ra5 39.Re2 b5 40.Re5 Bd5 41.Be4 b4 42.Ke3 a3
43.bxa3 bxa3 44.Bxd5 Rxd5 45.Re8 Ra5 {#R} 0-1

[Event "10th Mayors Cup Open 2017"]
[Site "masterchessopen.com Mumbai IND"]
[Date "2017.06.04"]
[Round "1.9"]
[White "Deepan,C"]
[Black "Ramakrishna,J"]
[Result "1-0"]
[WhiteElo "2480"]
[BlackElo "2157"]

1.e4 c5 2.Nf3 e6 3.b3 Nf6 4.e5 Nd5 5.Bb2 Be7 6.c4 Nb4 7.Nc3 f6 8.Ne4 fxe5
9.Nxe5 O-O 10.Qg4 Nc2+ 11.Kd1 Nd4 12.Nxc5 Bxc5 13.Bxd4 Bxd4 14.Qxd4 d6 15.Nf3
Nc6 16.Qe4 Qf6 17.Rc1 e5 18.Bd3 g6 19.Qe3 a5 20.Be4 a4 21.h3 a3 22.Bxc6 bxc6
23.c5 e4 24.Qxe4 Qb2 25.cxd6 Qxa2 26.Qc4+ Kh8 27.Qc3+ Kg8 28.Qc4+ Kh8 29.Qc3+
Kg8 30.Re1 Ra7 31.Qc4+ Raf7 32.Ne5 Ba6 33.Qe6 Bc8 34.Qc4 Ba6 35.Qc2 Qxc2+
36.Kxc2 Rxf2 37.Ra1 {#r} 1-0

[Event "ch-POR Rapid 2017"]
[Site "masterchessopen.com Mirandela POR"]
[Date "2017.06.03"]
[Round "6.1"]
[White "Galego,L"]
[Black "Martins,Gu"]
[Result "1-0"]
[WhiteElo "2482"]
[BlackElo "1963"]

1.e4 c5 2.Nf3 e6 3.Nc3 a6 4.g3 Nc6 5.Bg2 d6 6.O-O g6 7.d4 cxd4 8.Nxd4 Bg7
9.Be3 Nge7 10.Qd2 O-O 11.Rad1 Ne5 12.b3 Qc7 13.h3 Rd8 14.a4 b6 15.f4 N5c6
16.Nxc6 Nxc6 17.Ne2 Bb7 18.c4 Na5 19.Qb4 b5 20.axb5 axb5 21.cxb5 Qc2 22.Nd4
Bxd4 23.Bxd4 Qxb3 24.Qxb3 Nxb3 25.Bf6 Rd7 26.Rfe1 Ra5 27.Rb1 Nc5 28.b6 h6
29.Re2 Ra4 30.e5 dxe5 31.Rc2 Ne4 32.fxe5 Kh7 33.Rc7 Rad4 34.Bxe4 Bxe4 35.b7
Rd1+ 36.Rxd1 Rxd1+ 37.Kf2 Rb1 38.Rc8 {#r} 1-0

[Event "9th Lublin GM 2017"]
[Site "masterchessopen.com Lublin POL"]
[Date "2017.06.05"]
[Round "3.2"]
[White "Janik,Igor"]
[Black "Natsidis,C"]
[Result "1-0"]
[WhiteElo "2422"]
[BlackElo "2312"]

1.e4 c5 2.Nf3 e6 3.d4 cxd4 4.Nxd4 a6 5.c4 Nf6 6.Nc3 Bb4 7.Qf3 d6 8.Nc2 Ba5
9.b4 Bc7 10.Be2 Nc6 11.O-O Bd7 12.Rd1 Rc8 13.Bf4 O-O 14.Qg3 Ne8 15.Rd2 Nb8
16.Rad1 f6 17.Bg4 Qe7 18.Qh3 Kh8 19.Nd4 f5 20.exf5 e5 21.Nd5 Qf7 22.Ne6 exf4
23.Ng5 {#r} 1-0

[Event "ch-POR Rapid 2017"]
[Site "masterchessopen.com Mirandela POR"]
[Date "2017.06.03"]
[Round "5.1"]
[White "Veiga,Jose Francisco R P Neves"]
[Black "Galego,L"]
[Result "0-1"]
[WhiteElo "2083"]
[BlackElo "2482"]

1.e4 c5 2.Nf3 e6 3.d4 cxd4 4.Nxd4 a6 5.c4 Nf6 6.Bd3 Nc6 7.Nxc6 dxc6 8.O-O e5
9.Nc3 Bc5 10.Bg5 h6 11.Bh4 O-O 12.h3 Be6 13.a3 a5 14.Qc2 Qe7 15.Rac1 Rad8
16.Nd5 cxd5 17.cxd5 Bxd5 18.Qxc5 Qxc5 19.Rxc5 Bc6 20.Bb5 Bxe4 21.Rxe5 g5
22.Bg3 Rd2 23.f3 Bg6 24.f4 Rxb2 25.fxg5 Ne4 26.Be1 hxg5 27.Bd3 f5 28.Bc4+ Bf7
29.Rexf5 Bxc4 30.Rxf8+ Kh7 31.Bxa5 Bxf1 32.Rxf1 Kg6 33.Bb4 Rc2 34.Re1 Kf5
35.Rf1+ Ke5 36.Rf3 b5 37.g4 Kd4 38.Be7 Rc1+ 39.Kg2 Rc2+ 40.Kg1 Ra2 41.h4 gxh4
42.g5 Nd2 43.Rf2 Ke4 44.g6 Nf3+ 45.Kg2 h3+ 46.Kg3 h2 47.Rxh2 Nxh2 48.g7 Nf1+
49.Kh3 Rh2+ {#R} 0-1

[Event "10th KIIT Elite Open 2017"]
[Site "masterchessopen.com Bhubaneswar IND"]
[Date "2017.06.02"]
[Round "10.21"]
[White "Rathanvel,V"]
[Black "Harshavardhan,G B"]
[Result "1-0"]
[WhiteElo "2361"]
[BlackElo "2157"]

1.e4 c5 2.Nf3 e6 3.d4 cxd4 4.Nxd4 a6 5.c4 Nf6 6.Nc3 Bb4 7.Qd3 Qc7 8.Be2 Nc6
9.Nxc6 dxc6 10.O-O e5 11.Bg5 Be7 12.Qg3 O-O 13.Bh6 Ne8 14.Rac1 Bd7 15.Be3 b6
16.Rfd1 Rb8 17.f4 Bc5 18.f5 Bxe3+ 19.Qxe3 Nf6 20.c5 bxc5 21.b3 c4 22.Bxc4 Qa5
23.h3 Rfd8 24.Rd6 Be8 25.Rcd1 Rxd6 26.Rxd6 Qa3 27.Rd1 Qa5 28.Kh2 h6 29.Qa7 Rd8
30.b4 Qxb4 31.Bxf7+ Bxf7 32.Rxd8+ Be8 33.Qe3 Qa3 34.Nd5 Qxe3 35.Nxe3 Kf7
36.Nc4 Ke7 37.Rd1 Nxe4 38.Re1 Nc3 39.Rxe5+ Kd8 40.Ra5 Bf7 41.Ne5 Bd5 42.Rxa6
Kc7 43.Ra7+ Kd6 44.Ng4 Nxa2 45.Rxg7 h5 46.Rg6+ Ke7 47.Ne5 c5 48.Ra6 Nc3 49.f6+
Kf8 50.Rb6 Kg8 51.Rb8+ Kh7 52.f7 Bxf7 53.Rb7 c4 54.Rxf7+ Kh6 55.Nxc4 Ne4
56.Rf4 Ng5 57.h4 Nh7 58.Ne5 Kg7 59.Rf7+ Kh6 60.Kh1 Nf8 61.Rxf8 Kg7 62.Rf5 Kh6
63.Rg5 Kh7 64.Kh2 Kh6 65.Kg3 Kh7 66.Kf4 Kh6 67.Kf5 Kh7 68.Kf6 Kh6 69.Kf7 Kh7
70.Rxh5# 1-0

[Event "11th BPB Limburg Open"]
[Site "masterchessopen.com Maastricht NED"]
[Date "2017.06.04"]
[Round "5.9"]
[White "Tang,Charlie"]
[Black "Frischmann,Rick"]
[Result "1-0"]
[WhiteElo "2067"]
[BlackElo "2302"]

1.e4 c5 2.Nf3 e6 3.d4 cxd4 4.Nxd4 a6 5.Bd3 g6 6.O-O Bg7 7.Be3 Ne7 8.c4 Nbc6
9.Nxc6 bxc6 10.Nc3 d5 11.cxd5 cxd5 12.exd5 Nxd5 13.Nxd5 Qxd5 14.Qa4+ Bd7
15.Qa3 Bc6 16.f3 Qe5 17.Rfe1 Qxb2 18.Qd6 Qb7 19.Rab1 Qd7 20.Qc5 Qd5 21.Qa3 Qd8
22.Kh1 Qe7 23.Bc5 Qd7 24.Red1 Rd8 25.Bb6 Rb8 26.Bc2 Qc8 27.Bd8 Rb7 28.Bh4 f6
29.Rbc1 Rd7 30.Re1 Kf7 31.Be4 Rc7 32.Qc5 Bf8 33.Qc3 g5 34.Bg3 {#r} 1-0

[Event "10th KIIT Elite Open 2017"]
[Site "masterchessopen.com Bhubaneswar IND"]
[Date "2017.06.02"]
[Round "10.13"]
[White "Arjun,Kalyan"]
[Black "Krishna Teja,N"]
[Result "1-0"]
[WhiteElo "2322"]
[BlackElo "2406"]

1.e4 c5 2.Nf3 e6 3.d4 cxd4 4.Nxd4 a6 5.Bd3 Bc5 6.Nb3 Ba7 7.O-O Nc6 8.Qg4 Nf6
9.Qxg7 Rg8 10.Qh6 Ne5 11.Be2 b5 12.Bg5 Rg6 13.Qh4 h6 14.Bxf6 Rxf6 15.N1d2 Bb7
16.a4 Ng6 17.Qg3 Bb8 18.Qe3 Ba7 19.Qg3 Bb8 20.Qe3 Ba7 21.Qc3 Nf4 22.Bf3 Rc8
23.Qb4 Rxc2 24.axb5 Qb6 25.Qa5 Qxa5 26.Rxa5 Bb6 27.bxa6 Bxa5 28.axb7 Bc7
29.Ra1 e5 30.Ra8+ Ke7 31.b8=Q Bxb8 32.Rxb8 Rd6 33.g3 Ne6 34.Nf1 Ng5 35.Bg2
Rxb2 36.h4 Ne6 37.Ne3 Rc6 38.Nf5+ Kf6 39.Nc5 Rd2 40.Nxe6 dxe6 41.Nxh6 Rc1+
42.Kh2 Kg7 43.Ng4 f5 44.exf5 exf5 45.Rb7+ Kg8 46.Nxe5 Rcc2 47.Ng6 Rxf2 48.Nf4
Rb2 49.Re7 Rb5 50.Kh3 Rd2 51.h5 Rd4 52.Kh4 Kf8 53.Rc7 Rb2 54.Bd5 Rf2 55.Rf7+
Kg8 56.Rxf5+ Kh8 57.Kg5 {#r} 1-0

[Event "10th Mayors Cup Open 2017"]
[Site "masterchessopen.com Mumbai IND"]
[Date "2017.06.05"]
[Round "3.28"]
[White "Ziatdinov,R"]
[Black "Trisha,Kanyamarala"]
[Result "1-0"]
[WhiteElo "2291"]
[BlackElo "1649"]

1.e4 c5 2.Nf3 e6 3.d4 cxd4 4.Nxd4 Nc6 5.Nb5 d6 6.c4 a6 7.N5c3 Nf6 8.Be2 Be7
9.O-O O-O 10.Be3 Qc7 11.Nd2 Rd8 12.Rc1 Nd7 13.Nd5 exd5 14.cxd5 Qb8 15.dxc6
bxc6 16.Nc4 Bb7 17.Na5 c5 18.Bc4 Bxe4 19.f3 Bb7 20.Qb3 Ra7 21.Bxf7+ Kh8 22.Qe6
Bf6 23.Qh3 Ne5 24.Bb3 Qc7 25.Nxb7 Rxb7 26.Bc2 h6 27.Bxh6 gxh6 28.Qxh6+ Kg8
29.Qxf6 Rf8 30.Qe6+ Kg7 31.f4 Rf6 32.Qh3 Ng6 33.Bxg6 Rxg6 34.f5 Rf6 35.Rc3
{#r} 1-0

[Event "9th Lublin GM 2017"]
[Site "masterchessopen.com Lublin POL"]
[Date "2017.06.04"]
[Round "1.5"]
[White "Llaneza Vega,M"]
[Black "Romanishin,O"]
[Result "0-1"]
[WhiteElo "2424"]
[BlackElo "2448"]

1.e4 c5 2.Nc3 e6 3.Nge2 Nc6 4.d4 cxd4 5.Nxd4 a6 6.Nxc6 bxc6 7.Bd3 d5 8.O-O Nf6
9.f4 dxe4 10.Nxe4 Qd4+ 11.Nf2 Bb7 12.Qe2 c5 13.Bc4 Qd6 14.f5 e5 15.Bf4 Be7
16.Bxe5 Qc6 17.Nd3 O-O 18.Rf3 Rae8 19.Rg3 Bd8 20.Qd2 Nh5 21.Rh3 Nf6 22.Re1 Ne4
23.Qe2 Bf6 24.Bxf6 Nxf6 25.Qf3 Qd7 26.Qf4 Rxe1+ 27.Nxe1 Be4 28.Bd3 Re8 29.Qf2
Ng4 30.Qh4 Qd4+ 31.Kf1 Ne3+ 32.Rxe3 Qxe3 33.Qf2 Qc1 {#R} 0-1

[Event "10th Mayors Cup Open 2017"]
[Site "masterchessopen.com Mumbai IND"]
[Date "2017.06.05"]
[Round "2.22"]
[White "Chandreyee,Hajra"]
[Black "Karthikeyan,P2"]
[Result "0-1"]
[WhiteElo "1934"]
[BlackElo "2502"]

1.e4 c5 2.Nf3 e6 3.d4 cxd4 4.Nxd4 Nc6 5.Nc3 Qc7 6.Be2 a6 7.O-O b5 8.a3 Bb7
9.Be3 Nf6 10.f4 Bc5 11.Qd3 b4 12.Na4 Ba7 13.Bf3 Nxd4 14.Bxd4 Bc6 15.e5 Nd5
16.c4 bxc3 17.Nxc3 Nxf4 18.Qe3 Ng6 19.Bxc6 dxc6 20.Ne4 O-O 21.Nd6 Bxd4 22.Qxd4
Qa7 23.Qxa7 Rxa7 24.Rfe1 Rd7 25.Rac1 Nxe5 26.Rxe5 Rxd6 27.Rec5 Rc8 28.Ra5 c5
29.Raxc5 Rxc5 30.Rxc5 f5 31.b4 Kf7 32.Rc3 Kf6 33.Kf2 Rd2+ 34.Kf3 g5 35.h3 h5
36.Kg3 f4+ 37.Kh2 g4 38.hxg4 hxg4 39.Kg1 g3 40.Kf1 Rf2+ 41.Kg1 Ra2 42.Kf1 Kf5
43.Rc5+ e5 44.Rc3 Ra1+ {#R} 0-1

[Event "6th CHN w Masters 2017"]
[Site "masterchessopen.com Wuxi CHN"]
[Date "2017.06.04"]
[Round "9.2"]
[White "Zhu,Jiner"]
[Black "Yuan,Ye"]
[Result "1-0"]
[WhiteElo "2184"]
[BlackElo "2317"]

1.e4 c5 2.Nf3 e6 3.d4 cxd4 4.Nxd4 Nc6 5.Nc3 Qc7 6.g3 a6 7.Bg2 Nf6 8.O-O Nxd4
9.Qxd4 Bc5 10.Bf4 d6 11.Qd2 h6 12.Na4 e5 13.Nxc5 dxc5 14.Be3 Ng4 15.f4 O-O
16.f5 Rd8 17.Qe2 Nxe3 18.Qxe3 f6 19.h4 Qe7 20.Rad1 Rd4 21.Qb3+ Kf8 22.Qb6 a5
23.c3 Ra6 24.Qb5 Rxd1 25.Rxd1 Qc7 26.Bf3 Rd6 27.Rxd6 Qxd6 28.Qxa5 b6 29.Qa8
Qd7 30.Be2 Ke7 31.Kf2 Bb7 32.Qg8 Kd6 33.Ke3 Kc7 34.Qc4 Bc6 35.b3 Qe8 36.b4 Kd6
37.Qa6 Qb8 38.a4 cxb4 39.cxb4 Kc7 40.Qc4 Kb7 41.b5 Be8 42.Qg8 Qd8 43.Qxg7+ Kc8
44.Qxh6 Qd4+ 45.Kf3 Qg1 46.Kg4 Qd4 47.Bf3 Qxa4 48.Qxf6 Qxb5 49.h5 {#r} 1-0

[Event "11th BPB Limburg Open"]
[Site "masterchessopen.com Maastricht NED"]
[Date "2017.06.04"]
[Round "5.7"]
[White "De Boer,Eelke"]
[Black "Van Dooren,D"]
[Result "0-1"]
[WhiteElo "2130"]
[BlackElo "2355"]

1.e4 c5 2.Nf3 e6 3.d4 cxd4 4.Nxd4 Nc6 5.Nc3 Qc7 6.Be3 a6 7.Qf3 Bd6 8.O-O-O Be5
9.g3 Nf6 10.Qe2 O-O 11.f4 Bxd4 12.Bxd4 Nxd4 13.Rxd4 e5 14.fxe5 Qxe5 15.Qd2 b5
16.Bg2 Bb7 17.Rf1 g6 18.Rd6 b4 19.Rdxf6 bxc3 20.Qxd7 Bc8 21.Qd5 Qb8 22.b3 Be6
23.Qd4 Qc7 24.R6f3 Rac8 25.Rd3 Rfd8 26.Qb4 Rxd3 27.cxd3 a5 28.Qa4 Qc5 29.d4
Qg5+ 30.Rf4 Qh5 31.Rf2 Qxh2 32.Qb5 Qxg3 33.Qe2 Qd6 34.Qd1 a4 35.d5 axb3
36.Qxb3 Bg4 37.Qb7 Rc7 38.Qb8+ Kg7 39.Kc2 Qc5 40.Rf1 Qc4 41.Kb1 c2+ 42.Kc1 Qc5
43.Qb3 Bd1 44.Qb2+ Kg8 45.Qb8+ Rc8 46.Qb3 Qd4 {#R} 0-1

[Event "11th BPB Limburg Open"]
[Site "masterchessopen.com Maastricht NED"]
[Date "2017.06.03"]
[Round "2.5"]
[White "Van Dooren,D"]
[Black "Fier,A"]
[Result "1-0"]
[WhiteElo "2355"]
[BlackElo "2576"]

1.e4 c5 2.Nf3 e6 3.d4 cxd4 4.Nxd4 Nc6 5.Nc3 Qc7 6.Be3 a6 7.Bd3 Nf6 8.O-O Ne5
9.Nf3 Nxf3+ 10.Qxf3 Bd6 11.Kh1 h5 12.Na4 Ng4 13.Nb6 Nxh2 14.Nxa8 Qb8 15.Qd1
Qxa8 16.Re1 Ng4 17.Bd4 Qb8 18.Kg1 b5 19.Be2 Bb4 20.Bxg4 Bxe1 21.Bxh5 Bb4
22.Bxg7 Rh7 23.Qg4 Bf8 24.Bf6 Qc7 25.Rd1 d6 26.Rd3 b4 27.c3 a5 28.e5 d5 29.Rh3
Qc4 30.Qg8 Qe4 31.Be2 Rxh3 32.Bb5+ Bd7 33.Bxd7+ Kxd7 34.Qxf7+ Kc6 35.Qxe6+ Kb5
36.Qd7+ Kc4 37.Qc8+ Kb5 38.Qb7+ Kc5 39.Qa7+ Kb5 40.gxh3 bxc3 41.Qb7+ Kc5
42.Qc7+ Kb5 43.Qb7+ Kc5 44.Qc8+ Kb5 45.Qe8+ Kc4 46.bxc3 Qb1+ 47.Kg2 Bc5
48.Qa4+ Kd3 49.Qxa5 Ke2 50.Qa6+ Kd2 51.Bg5+ Kxc3 52.Qa5+ Kc4 53.Qa4+ Kc3
54.Qb3+ Qxb3 55.axb3 d4 56.h4 d3 57.h5 Kd4 58.h6 Be7 59.h7 Bxg5 60.h8=Q d2
61.Qh5 Kd3 62.Qxg5 {#r} 1-0

[Event "10th KIIT Elite Open 2017"]
[Site "masterchessopen.com Bhubaneswar IND"]
[Date "2017.06.01"]
[Round "9.1"]
[White "Nitin,S"]
[Black "Nguyen Duc Hoa"]
[Result "0-1"]
[WhiteElo "2426"]
[BlackElo "2481"]

1.e4 c5 2.Nf3 e6 3.d4 cxd4 4.Nxd4 Nc6 5.Nc3 Qc7 6.Be3 a6 7.Qf3 Ne5 8.Qg3 h5
9.O-O-O h4 10.Qh3 b5 11.f4 Nc4 12.Bxc4 Qxc4 13.Kb1 Bb7 14.f5 Nf6 15.e5 Ne4
16.Nxe4 Bxe4 17.Rd2 Rc8 18.fxe6 dxe6 19.Rhd1 Rh5 20.Qg4 Rxe5 21.Qxh4 Bg6 22.b3
Qc3 23.Nf5 Qc7 24.Bf4 Bxf5 25.Bxe5 Bxc2+ 26.Kc1 Ba3+ {#R} 0-1

[Event "10th KIIT Elite Open 2017"]
[Site "masterchessopen.com Bhubaneswar IND"]
[Date "2017.06.01"]
[Round "9.7"]
[White "Babujian,L"]
[Black "Navalgund,N"]
[Result "1-0"]
[WhiteElo "2438"]
[BlackElo "2351"]

1.e4 c5 2.Nf3 Nc6 3.d4 cxd4 4.Nxd4 e6 5.Nc3 Qc7 6.Be3 a6 7.Qd2 Nf6 8.O-O-O Be7
9.f3 b5 10.g4 Nxd4 11.Qxd4 Bb7 12.Bd3 e5 13.Qb6 Qxb6 14.Bxb6 b4 15.Na4 d5
16.Nc5 dxe4 17.fxe4 Bc8 18.h3 h5 19.Bc4 Bxc5 20.Bxc5 Bb7 21.Bb3 Bc6 22.Rhf1
hxg4 23.hxg4 Rd8 24.Bd6 Rd7 25.Bxe5 Rxd1+ 26.Rxd1 Nxe4 27.Bc4 Rh4 28.Be2 f6
29.Bc7 Bd7 30.Rg1 Kf7 31.Ba5 f5 32.gxf5 Nd6 33.Rd1 Ke7 34.Bd3 Rg4 35.Rf1 Bb5
36.Bc7 Bxd3 37.cxd3 Nb5 38.Be5 Kf7 39.Rf2 a5 40.Kd2 a4 41.Ke3 {#r} 1-0

[Event "ch-POR Rapid 2017"]
[Site "masterchessopen.com Mirandela POR"]
[Date "2017.06.03"]
[Round "2.5"]
[White "Guia,Artur Solovyov Eloy"]
[Black "Pereira,Ant2"]
[Result "0-1"]
[WhiteElo "1558"]
[BlackElo "2139"]

1.e4 c5 2.Nf3 e6 3.d4 cxd4 4.Nxd4 Nc6 5.Nc3 Qc7 6.Be3 a6 7.Be2 Nf6 8.O-O Bb4
9.Bd3 Ne5 10.Qd2 Nfg4 11.Bf4 Bd6 12.Bg3 h5 13.f3 h4 14.fxg4 hxg3 15.h3 Bc5
16.Ne2 Nxg4 17.hxg4 Qd8 18.Qf4 Rh1+ 19.Kxh1 Qh4+ 20.Kg1 Qh2# 0-1

[Event "10th Mayors Cup Open 2017"]
[Site "masterchessopen.com Mumbai IND"]
[Date "2017.06.04"]
[Round "1.11"]
[White "Hossain,Enam"]
[Black "Raja,Rithvik R"]
[Result "0-1"]
[WhiteElo "2452"]
[BlackElo "2155"]

1.e4 c5 2.Nf3 d6 3.c3 Nf6 4.Be2 g6 5.O-O Bg7 6.Re1 O-O 7.Bf1 Nc6 8.h3 e5 9.a3
d5 10.exd5 Nxd5 11.Bb5 Nde7 12.d3 h6 13.Be3 b6 14.b4 cxb4 15.axb4 Bb7 16.Ra2
a6 17.Ba4 Nd5 18.Bc1 b5 19.Bb3 Kh7 20.Rae2 f5 21.Bd2 Rc8 22.c4 bxc4 23.Bxc4
Nb6 24.Be6 Rc7 25.Be3 Nd5 26.Qb3 Ncxb4 27.Bd2 Nxd3 28.Qxd3 e4 29.Qb3 exf3
30.gxf3 Qa8 31.Na3 Rb8 32.Nc4 Bc6 33.Qd3 Rd8 34.Ba5 Nf4 35.Qc2 Ba4 36.Bxc7
Bxc2 37.Bxf4 Bd3 38.Re3 Rd4 39.Nb6 Qb7 40.Be5 Bxe5 41.Rxe5 Qxb6 42.Bd5 h5
43.Re7+ Kh6 44.Bf7 Bc4 {#R} 0-1

[Event "ch-POR Rapid 2017"]
[Site "masterchessopen.com Mirandela POR"]
[Date "2017.06.03"]
[Round "2.2"]
[White "Mendes,P"]
[Black "Silva,Luis"]
[Result "0-1"]
[WhiteElo "1867"]
[BlackElo "2317"]

1.e4 c5 2.Nf3 Nc6 3.d3 g6 4.g3 Bg7 5.Bg2 d6 6.O-O e5 7.Re1 Nge7 8.c3 O-O 9.Be3
b6 10.Qd2 Re8 11.Na3 Bb7 12.d4 exd4 13.cxd4 d5 14.exd5 Nxd5 15.Rad1 Nxe3
16.fxe3 Qe7 17.d5 Rad8 18.Qf2 Nb4 19.e4 Ba6 20.b3 Nd3 21.Rxd3 Bxd3 22.Nc4 Bxe4
23.d6 Qf6 24.Nfd2 Qxf2+ 25.Kxf2 Bd4+ 26.Kf1 Bd3+ {#R} 0-1

[Event "ch-POR Rapid 2017"]
[Site "masterchessopen.com Mirandela POR"]
[Date "2017.06.03"]
[Round "4.1"]
[White "Galego,L"]
[Black "Guimaraes,R"]
[Result "1-0"]
[WhiteElo "2482"]
[BlackElo "2141"]

1.e4 c5 2.Nf3 d6 3.c3 Nf6 4.Bb5+ Bd7 5.Bxd7+ Qxd7 6.d3 g6 7.O-O Bg7 8.e5 dxe5
9.Nxe5 Qc8 10.Qa4+ Nbd7 11.Re1 e6 12.Na3 O-O 13.Nac4 a6 14.Qb3 b5 15.Nd6 Qc7
16.Nxd7 Qxd7 17.Ne4 Qxd3 18.Nxc5 Qd6 19.Ne4 Nxe4 20.Rxe4 Qc6 21.Re1 Rfd8 22.a4
Rab8 23.axb5 axb5 24.Bf4 Rb7 25.Bg5 Rc8 26.Rad1 h6 27.Be3 Qc4 28.Qxc4 bxc4
29.Bc1 Kh7 30.Re4 h5 31.Kf1 e5 32.Re2 f5 33.f3 Bf6 34.Rd6 Kg7 35.Ke1 Kf7
36.Kd1 Ke7 37.Ra6 g5 38.Kc2 g4 39.Rd2 Bg5 40.Rd5 Bf6 41.Rdd6 Bg7 42.Rg6 Kf7
43.Rg5 f4 44.Rxh5 gxf3 45.gxf3 Rd7 46.Rf5+ Kg8 47.h4 Rd3 48.Ra7 Rxf3 49.Rg5
{#r} 1-0

[Event "10th KIIT Elite Open 2017"]
[Site "masterchessopen.com Bhubaneswar IND"]
[Date "2017.06.02"]
[Round "10.22"]
[White "Saravana,Kr"]
[Black "Wagh,Suyog"]
[Result "1-0"]
[WhiteElo "2345"]
[BlackElo "2138"]

1.e4 c5 2.Nf3 d6 3.Bc4 Nf6 4.Qe2 Nc6 5.c3 Bg4 6.h3 Bxf3 7.Qxf3 g6 8.O-O Bg7
9.Bb3 O-O 10.Qe2 a6 11.d3 b5 12.Nd2 Nd7 13.Nf3 Qa5 14.Bd2 Rac8 15.Ng5 Qb6
16.Ne6 fxe6 17.Bxe6+ Kh8 18.Bxd7 Rcd8 19.Be6 b4 20.Rab1 Rb8 21.Bb3 a5 22.Kh2
Qb5 23.f4 bxc3 24.bxc3 Na7 25.a4 Qd7 26.Qg4 Qe8 27.Kh1 Rb6 28.Bc2 Rxb1 29.Rxb1
Qf7 30.Bb3 Qe8 31.Qe6 Nc6 32.Qg4 h5 33.Qg3 Nd8 34.Rf1 Bh6 35.Qe1 Bg7 36.f5 Nc6
37.fxg6 Qxg6 38.Rxf8+ Bxf8 39.Qf2 Kg7 40.d4 e6 41.d5 exd5 42.Bxd5 Ne7 43.c4
Nxd5 44.exd5 Be7 45.Bc3+ Kg8 46.Qe2 Kf8 47.Bxa5 Bf6 48.Be1 Qb1 49.g3 h4 50.Kg2
Bd4 51.g4 Qa1 52.a5 Kg8 53.a6 Qxa6 54.Bxh4 Qa1 55.Bf2 Be5 56.h4 Qc1 57.Qe4 Qd2
58.g5 Kg7 59.Qf5 Qc3 60.g6 Bf6 61.h5 Qb2 62.Qf4 Qe2 63.Qf5 Bd4 64.Qf7+ Kh6
65.g7 Qg4+ 66.Bg3 Qe4+ 67.Kh2 Qc2+ 68.Kh3 Bxg7 69.Bxd6 Qd3+ 70.Bg3 Kh7 71.Qg6+
Qxg6 72.hxg6+ Kxg6 73.Kg4 Kf7 74.Kf5 Ke7 75.Be5 Bf8 76.Kg6 Kd7 77.Bg7 Bd6
78.Kf5 Be7 79.Be5 Bf8 80.Ke4 Be7 81.Kd3 Bf8 82.Kc3 Kc8 83.Kb3 Kb7 84.Ka4 Kb6
85.Bc3 Bd6 86.Ba5+ Ka6 87.Bd8 Bf8 88.Bc7 Kb7 89.Bg3 Kb6 90.Bf4 Ka6 91.Kb3 Kb7
92.Bg3 Kb6 93.Kc2 Kb7 94.Be5 Kc8 95.Kc3 Be7 96.Kd3 Kd7 97.Ke4 Bf8 98.Kf5 Be7
99.Kg6 Bd8 100.Kf7 Bb6 101.Bf6 Ba7 102.Be7 Bb6 103.Bf8 Ba7 104.Kf6 Bb6 105.d6
Bd8+ 106.Ke5 Bh4 107.Kd5 Bf2 108.Bg7 Bg3 109.Be5 Bf2 110.Bf4 Bg1 111.Bg3 Bd4
112.Be1 Be3 113.Ba5 Bf4 114.Bc7 Be3 115.Bb6 Bf4 116.Bxc5 Bh2 117.Ba3 Bg3
118.c5 Bf4 119.c6+ Kc8 120.Bb4 Bg5 121.Ba5 {#r} 1-0

[Event "11th BPB Limburg Open"]
[Site "masterchessopen.com Maastricht NED"]
[Date "2017.06.05"]
[Round "6.2"]
[White "Beerdsen,Thomas"]
[Black "Bauer,Ch"]
[Result "0-1"]
[WhiteElo "2455"]
[BlackElo "2630"]

1.e4 c5 2.Nf3 d6 3.Bb5+ Nd7 4.O-O a6 5.Bd3 Ngf6 6.Re1 e6 7.c3 Qc7 8.Bc2 c4
9.b3 b5 10.a4 Rb8 11.bxc4 bxc4 12.Na3 Bb7 13.Rb1 d5 14.exd5 Bxd5 15.Rxb8+ Qxb8
16.d3 cxd3 17.Bxd3 Bc5 18.Nc2 O-O 19.Ne3 Bb7 20.Nd4 Ne5 21.Bc2 Rd8 22.Qe2 Qa8
23.Rd1 Rc8 24.Bb3 Bxd4 25.cxd4 Bf3 26.Qe1 Bxd1 27.dxe5 Bxb3 28.exf6 Qe4 29.Bb2
Rd8 30.Bc3 gxf6 31.h3 e5 32.f3 Qf4 33.Bd2 Bxa4 34.Kh1 Kh8 35.Ba5 Rd3 36.Bb6
Bb3 37.Qe2 e4 38.fxe4 Qxe4 39.Qf2 Qe5 40.h4 a5 41.Kg1 a4 42.h5 a3 43.Bc7 Qxe3
{#R} 0-1

[Event "ch-POR Rapid 2017"]
[Site "masterchessopen.com Mirandela POR"]
[Date "2017.06.03"]
[Round "4.2"]
[White "Veiga,Jose Francisco R P Neves"]
[Black "Silva,Luis"]
[Result "1-0"]
[WhiteElo "2083"]
[BlackElo "2317"]

1.e4 c5 2.Nf3 d6 3.Bb5+ Nc6 4.O-O Bd7 5.c3 Nf6 6.Re1 a6 7.Ba4 b5 8.Bc2 e5 9.d4
cxd4 10.cxd4 Bg4 11.d5 Nd4 12.Be3 Nxf3+ 13.gxf3 Bd7 14.Kh1 Be7 15.Rg1 O-O
16.f4 Qc7 17.Bd3 exf4 18.Bxf4 Rfe8 19.Nd2 Kh8 20.Nb3 g6 21.Rc1 Qd8 22.Qf3 Nh5
23.Be3 Bf6 24.Nd4 Be5 25.Nf5 Bxf5 26.exf5 Qh4 27.Rg2 Rac8 28.Rcg1 Bf4 29.Bd4+
Be5 30.Bxe5+ Rxe5 31.fxg6 fxg6 32.Bxg6 hxg6 33.Rxg6 Re7 34.Rh6+ Rh7 35.Rxh7+
Kxh7 36.Qf5+ {#r} 1-0

[Event "10th KIIT Elite Open 2017"]
[Site "masterchessopen.com Bhubaneswar IND"]
[Date "2017.05.30"]
[Round "7.27"]
[White "Prasad,De"]
[Black "Raja,Rithvik R"]
[Result "1-0"]
[WhiteElo "2312"]
[BlackElo "2155"]

1.e4 c5 2.Nf3 d6 3.Bb5+ Nd7 4.O-O Nf6 5.Re1 a6 6.Bf1 b6 7.c3 Bb7 8.d3 e5
9.Nbd2 Be7 10.d4 O-O 11.a4 Qc7 12.d5 g6 13.Nc4 b5 14.Na3 b4 15.Nc4 a5 16.Bh6
Rfb8 17.Nfd2 Ba6 18.g3 Ne8 19.f4 Bf6 20.f5 Bg7 21.Bg5 Bf6 22.Be3 Nb6 23.Qf3
Nxc4 24.Bxc4 Bxc4 25.Nxc4 Qe7 26.h4 Ng7 27.Bd2 h5 28.Re2 Kh7 29.cxb4 axb4
30.b3 Rg8 31.Rf1 Raf8 32.Qe3 Rh8 33.fxg6+ Kxg6 34.Ref2 Ne8 35.Rxf6+ {#r} 1-0

[Event "10th KIIT Elite Open 2017"]
[Site "masterchessopen.com Bhubaneswar IND"]
[Date "2017.06.01"]
[Round "9.6"]
[White "Grover,S"]
[Black "Das,Say"]
[Result "1-0"]
[WhiteElo "2478"]
[BlackElo "2396"]

1.e4 c5 2.Nf3 d6 3.d4 cxd4 4.Qxd4 e5 5.Bb5+ Nd7 6.Qd3 a6 7.Bxd7+ Qxd7 8.Nc3
Qc6 9.Nd5 Be6 10.c4 b5 11.Nd2 Ne7 12.b3 Ng6 13.O-O Rc8 14.a4 bxc4 15.Nxc4 Bxd5
16.exd5 Qb7 17.f4 Rc5 18.Rd1 Nxf4 19.Bxf4 exf4 20.b4 Qxb4 21.Qe4+ Kd8 22.Rab1
Qxa4 23.Rb8+ Kc7 24.Rc8+ Kb7 25.Rb1+ Rb5 26.Rxf8 Qxc4 27.Rxf7+ Kb6 28.Qxc4
{#r} 1-0